[Event "EU-ch 6th"]
[Site "Warsaw"]
[Date "2005.06.25"]
[Round "7"]
[White "Nisipeanu, Liviu Dieter"]
[Black "Milov, Vadim"]
[Result "1-0"]
[WhiteElo "2670"]
[BlackElo "2653"]
[Annotator "Finkel,A"]
[PlyCount "61"]
[EventDate "2005.06.18"]
[EventType "swiss"]
[EventRounds "13"]
[EventCountry "POL"]
[SourceTitle "CBM 108"]
[Source "ChessBase"]
[SourceDate "2005.09.26"]
[SourceVersion "1"]
[SourceVersionDate "2005.09.26"]
[SourceQuality "1"]

{[%mdl 1]} 1. e4 {Ftacnik} e6 2. d4 d5 3. Nc3 dxe4 4. Nxe4 Nd7 5. Nf3 Ngf6 6.
Nxf6+ Nxf6 7. Bg5 h6 8. Be3 Bd6 ({Another popular continuation is} 8... Nd5) 9.
Bd3 Bd7 (9... Nd5 $5) 10. Qe2 Bc6 {Intending to trade the knight which might
be quite annoying on e5.} (10... Qe7 11. O-O O-O 12. c4 (12. c3 c5 13. Rad1
Rfd8 14. dxc5 Bxc5 15. Ne5 Be8 16. Bf4 Nd5 17. Bg3 a6 $11 {Blatsky,L-Ramik,J/
Czechia 2002}) (12. Ne5 Rfd8 13. Qf3 Nd5 14. Bd2 c5 15. c4 Nf6 16. Bc3 {
1/2-1/2 Stefansson,H-Nogueiras,J/Havana 2002}) 12... c5 13. Rad1 Rfd8 14. Bb1
Ba4 15. b3 Bc6 16. Ne5 $14 {Huebner,R-Nogueiras,J/Elista 1998}) 11. O-O-O $5 {
Opting for queenside castling is the only way to fight for an opening
advantage since after} (11. O-O Bxf3 12. Qxf3 c6 13. Rad1 Qa5 $11 {1/2-1/2
Gershon,A-Huzman,A/Ramat Aviv/Modiin 2000 black has no problems what so ever;})
11... Qe7 $6 {A very dubious plan which leads to a disaster.} ({Much better
was the typical} 11... Bxf3 $5 12. Qxf3 c6 13. Kb1 Qa5 14. g3 O-O-O $11 {
[%cal Gd8d7,Gh8d8,Gc6c5] and black is doing ok.}) 12. c4 Bxf3 13. Qxf3 c5 ({
It wasn't too late for} 13... c6 {even though white seems to get better
chances after} 14. Kb1 O-O-O (14... Bc7 {Ftacnik} 15. h4 O-O-O 16. g4 $14) 15.
d5 $1 {[%cal Ge3a7]} c5 (15... cxd5 $6 16. Bxa7 b5 (16... dxc4 17. Bxc4 Bc5 $2
18. Bxc5 Qxc5 19. Bxe6+ $18) 17. c5 Qxa7 18. cxd6 Rxd6 19. Qg3 Ne8 20. Bxb5 $14
) 16. dxe6 fxe6 17. Rhe1 $14 {[%csl Re6][%cal Gf3h3]}) 14. d5 e5 (14... exd5
15. cxd5 (15. Rhe1 O-O-O 16. Bg5 (16. Bxc5 $6 Qc7 $11) 16... Qc7 17. Bxf6 gxf6
18. Qxf6 $14) 15... c4 16. Bc2 O-O 17. Bd4 $14) 15. Rde1 a6 $6 {A desperate
attempt to get counterplay on the queenside, but the black king is far less
secure than the white one, so black had to accpet that his plan failed and go
for} (15... O-O-O $5 {with a slightly worse, but defendable position.} 16. Bd2
{Ftacnik} Kb8 $14) 16. g4 $1 b5 {'?' Ftacnik. Ftacnik: 'The typical striving
for opening up the queen's flank will end up in complete disaster. Nisipeanu
will be out of any danger with his hands free for mounting of the attack of
his own.'} (16... e4 $2 {Ftacnik} 17. Bxe4 Nxe4 18. Bd2 $16) (16... Qd7 $5 {
Ftacnik} 17. g5 (17. h3 Qa4 18. Kb1 b5 19. b3 Qb4 20. Bf4 $14) 17... hxg5 18.
Bxg5 Rh3 19. Qe2 O-O-O 20. Qc2 e4 21. Bf1 $14) 17. g5 hxg5 18. Bxg5 $16 bxc4
19. Bxc4 Rb8 20. b3 Kf8 21. Re4 $5 {'!' Ftacnik. White doesn't want to allow
black to simplify the position by pushing e4.} (21. h4 e4 $1 22. Qf5 Qe5 23.
Qxe5 Bxe5 24. Bxf6 Bxf6 25. Rxe4 $16) 21... Rb6 (21... a5 $5) 22. Rg1 Bc7 23.
Qg3 Qd6 24. Rh4 $1 {Ftacnik: 'The correct quest to eliminate the most valuable
defender of the black's kingside. The tactical shot 24.Bf4!? was very
interesting, but black would surely have had better chances for resistance.'} (
24. Bf4 $6 Nxe4 25. Qxg7+ Ke7 26. Qxh8 exf4 27. Re1 Qg6 (27... f5 $2 28. Rg1 $1
Ng3 29. hxg3 Qe5 30. Qh7+ Kd8 31. Kc2 $18) 28. f3 f5 29. Bd3 Rb4 $132) 24...
Rxh4 25. Qxh4 e4 $6 (25... Kg8 26. Rg3 Bd8 27. Rh3 Kf8 $16) 26. Be3 g6 27. Kc2
$1 Rb8 28. Bg5 Nh5 (28... Ng8) 29. Bh6+ Ng7 30. Rg4 $1 $18 {[%cal Gh6f4,Gh4h8]}
Qxh2 $2 (30... Qb6 31. Bg5 Kg8 32. Bf6 Qd6 33. Rxe4 $18) 31. Qf6 $1 (31. Qf6 $1
Qxh6 32. d6 $18 {[%csl Rf7]}) 1-0

[Event "ROM-chT"]
[Site "Eforie Nord"]
[Date "2000.12.18"]
[Round "1"]
[White "Iordachescu, Viorel"]
[Black "Van Wely, Loek"]
[Result "1-0"]
[WhiteElo "2594"]
[BlackElo "2643"]
[Annotator "Finkel,A"]
[PlyCount "41"]
[EventDate "2000.12.18"]
[EventType "team"]
[EventRounds "5"]
[EventCountry "ROU"]
[SourceTitle "CBM 081"]
[Source "ChessBase"]
[SourceDate "2001.03.20"]
[SourceVersion "1"]
[SourceVersionDate "2001.03.20"]
[SourceQuality "1"]
[WhiteTeam "Bucharest RAT"]
[BlackTeam "Timisoara AEM"]
[WhiteTeamCountry "ROU"]
[BlackTeamCountry "ROU"]

{[%mdl 640]} 1. e4 e6 2. d4 d5 3. Nc3 dxe4 4. Nxe4 Nd7 5. Nf3 Ngf6 6. Bg5 h6 7.
Nxf6+ Nxf6 8. Be3 (8. Bh4 $5) 8... Be7 (8... Bd6 9. Qd2 (9. Bd3 Nd5 10. Qe2
Nxe3 11. Qxe3 Bd7 12. Be4 O-O (12... c5 $6 13. O-O-O $6 (13. dxc5 $5 Qa5+ 14.
c3 Bxc5 15. b4 $1 Bxe3 16. bxa5 Bf4 17. Bxb7 Rb8 18. a6 $14) 13... Qc7 14. Kb1
O-O-O 15. Qe2 Kb8 $11 {Krakops Maris-Kaminski Marcin/Ch World (cadets) (under
1995 (42)}) 13. O-O (13. O-O-O $5 $14) 13... Qe7 14. Rfd1 Rfd8 15. Ne5 Rab8 16.
g3 Be8 17. Nc4 {Hernandes-Hergott,Linares,1994,1/2-1/2}) (9. Qd3 {Finkel,A} b6
(9... O-O 10. Ne5 $5 Bxe5 (10... b6 11. f4) 11. dxe5 Qxd3 12. Bxd3 Nd5 13. Bd2
$14) 10. Ne5 Bb7 (10... Bxe5 11. dxe5 (11. Qb5+ Qd7 12. Qxe5 Bb7 {/\ 0-0-0~~})
11... Qxd3 12. Bxd3 Nd5 13. Bd2 Bb7 14. O-O-O) 11. Qb5+ Nd7 12. O-O-O a6 13.
Qb3 (13. Qe2 $1 O-O 14. f4 {/\ Rg1, g4|^}) 13... b5 14. c4 (14. f4 Bd5 15. Qd3
O-O) 14... O-O 15. f4 $13 {Polgar,J-Bareev,E,1992,1-0}) 9... Bd7 (9... O-O 10.
O-O-O b6 $13) 10. Bd3 Qe7 11. O-O-O Ng4 $5 {Yermolinsky,A-Ivanchuk,V/WchT 4th
1997}) (8... Nd5 $6 9. Bd3 $5 (9. Qd2 Bd6 (9... Nxe3 10. fxe3 c5 11. Bd3 Be7
12. O-O O-O 13. c3 b6 14. Rad1 Bb7 15. Qc2 cxd4 16. exd4 $11 {Horn,P-Plesec,D/
Geneve op 1994 (42)}) 10. O-O-O Bd7 11. Ne5 $5 Bxe5 12. dxe5 Qe7 13. Be2 Bc6
14. f4 O-O-O $13 {Polgar,J-Speelman,J/Hastings 1993 (21)}) 9... Nxe3 10. fxe3
Bd6 11. O-O O-O 12. c3 Qe7 13. Bc4 $14) 9. Bd3 $5 {The following game is very
good example of ''how white should play against the french defense!''-the fact
that with black pieces played nt just anyboy,but Loek Van Wely makes it even
more valueable} (9. Qd2 a6 10. Bd3 b6 11. Ne5 $1 Bb7 12. O-O-O Nd5 13. Be4 Qc8
14. Qe2 Nxe3 15. Qxe3 Bxe4 16. Qxe4 O-O 17. g4 $40 {Grabics Monika-Maric
Mirjana/It (w), Belgrade (Yugoslavia) 1995/1-0 (83)}) (9. Qd3 $5 a6 10. Ne5 b6
11. g4 $6 Bb7 12. Rg1 Nd5 13. Bg2 Nb4 $1 14. Qd2 Bxg2 15. Rxg2 Qd5 $15 {
Grabics Monika-Vuksanovic,S/It (w), Belgrade (Yugoslavia) 1995/1-0 (60)}) 9...
O-O 10. Qe2 b6 (10... Nd5 11. c3 Nxe3 12. Qxe3 (12. fxe3) 12... Bd7 13. Ne5 Rb8
14. O-O-O $14) 11. O-O-O Bb7 12. Ne5 Qc8 (12... Qd5 13. Kb1 Qxg2 14. Rhg1 Qh3
15. f3 Nd5 16. Rg3 Qh4 17. Rdg1 $40 {[%csl Rg8]}) 13. Rhg1 $1 {Starting an
attack against black king. At this stage it's hard to believe that in the game
were played less than ten movs} c5 14. g4 cxd4 15. Bd2 $1 Nd7 (15... Nh7) 16.
g5 $1 Nxe5 (16... Bxg5 17. Bxg5 Nxe5 (17... hxg5 18. Qh5 Nf6 19. Qxg5 Ne8 20.
Qh4 f5 21. Ng6 $18) 18. Qxe5 hxg5 19. Qxg5 g6 20. Bxg6 f6 21. Qh6 $18) 17. gxh6
$1 $18 {The last touch!} Nxd3+ (17... Bf6 18. hxg7 Nxd3+ 19. Qxd3 Re8 20. Qh3
$18) (17... Ng6 18. hxg7 (18. Qh5) 18... Kxg7 19. Qe5+ $1 Bf6 (19... Kg8 20.
Bh6 f6 21. Qh5 $18) 20. Qh5 Rh8 21. Rxg6+ Kf8 22. Bh6+ Ke7 23. Rxf6 $18) 18.
Qxd3 Rd8 (18... g5 19. Bxg5 Bxg5+ 20. Rxg5+ Kh8 21. Rg7 f5 22. Qxd4 e5 23. Qxe5
Qb8 24. Rh7+ $1 Kxh7 25. Qg7#) (18... g6 19. Rxg6+ Kh8 20. Rg7 f5 21. Rxe7 $18)
(18... Bf6 19. Rxg7+ Bxg7 20. Qg3 $18) 19. Rxg7+ Kf8 20. Rdg1 Bf6 21. Rxf7+ $1
1-0

[Event "Morso"]
[Site "Morso"]
[Date "2002.02.14"]
[Round "6"]
[White "Navara, David"]
[Black "Rustemov, Alexander"]
[Result "1/2-1/2"]
[WhiteElo "2531"]
[BlackElo "2607"]
[Annotator "Finkel,A"]
[PlyCount "87"]
[EventDate "2002.02.09"]
[EventType "tourn"]
[EventRounds "9"]
[EventCountry "DEN"]
[EventCategory "10"]
[SourceTitle "CBM 088"]
[Source "ChessBase"]
[SourceDate "2002.03.21"]
[SourceVersion "1"]
[SourceVersionDate "2002.03.21"]
[SourceQuality "1"]

1. e4 e6 2. d4 d5 3. Nd2 dxe4 4. Nxe4 Bd7 5. Nf3 Bc6 6. Bd3 Nd7 7. O-O Ngf6 8.
Ned2 Be7 9. Re1 O-O 10. c3 {Rustemov is a big expert in this variation and
it's very difficult to get an advantage against him!} (10. Nc4 $5 Bb5 (10... b6
$5 11. Nce5 Bb7 12. Qe2 Nxe5 13. dxe5 Nd7 14. c3 c5 15. Bc2 Qc7 $11 {Kruppa,
Y-Rustemov,A/Minsk 1996 (42)}) (10... Nb6 11. Nfe5 Be8 12. Na5 $6 Qd5 13. Nb3
Bb5 14. Bg5 Bxd3 $11 {Wahls,M-Chabanon,J/Bad Endbach 1995 (44)}) 11. c3 (11. a4
Ba6 12. c3 (12. Bg5 c5 13. Ne3 cxd4 14. Nxd4 Bxd3 15. Qxd3 Nc5 $15 {Bertona,
F-Herman,D/Buenos Aires 2000/CBM 79}) 12... c5 13. Bf4 cxd4 14. Nxd4 Nc5 15.
Bf1 $14 {Brodsky,M-Lauridsen,J/Vendrell op 1996 (24)}) 11... c5 12. Bf4 cxd4
13. Nxd4 Bxc4 14. Bxc4 e5 15. Nf5 Bc5 16. Bg5 $14 {Gelfand,B-Godena,M/Moscow
olm 1994 (30)}) 10... b6 {In the following position black has two different
plans:one is to give up the lightsquared bishop,then to put a pawn on c6 and
to start the manouvering with the pieces and to wait for white to do something;
and the other one is to keep the bishop in the game by playing b6 and then
transfering c5.It's very hard to say which one is better,it depends only on
taste:for those who prefer to defend solid,but slightly passive positions
suits the plan with B:f3,for those who prefer more lively aand open game it's
better to play 10...b6.} (10... Re8 11. a4 (11. Nc4 Bxf3 12. Qxf3 c6 13. a4 a5
14. Bf4 Nf8 15. Bg3 Nd5 16. Ne5 $14 {Kudrin,S-Shapiro,D/Philadelphia 1998/EXT
2000}) 11... a6 12. Qe2 Bxf3 13. Qxf3 c6 14. Nc4 a5 15. Qh3 $14 {Forster,R-Hug,
W/Winterthur 1996 (21)}) 11. Nc4 (11. Qe2 Re8 12. Ne5 Nxe5 13. dxe5 Nd7 14. Nf3
Bb7 15. Bf4 $14 {Morovic Fernandez,I-Giaccio,A/Istanbul 2000/EXT 2001}) (11. a4
a6 (11... a5 12. Nc4 Qc8 (12... Bb7 13. Bg5 Nd5 14. Bd2 c5 15. dxc5 Nxc5 16.
Bc2 Qc7 17. Na3 $14 {Polgar,J-Aung Aung/Istanbul 2000/EXT 2001}) 13. Nfe5 Bb7
14. Re3 g6 15. Qe2 Nxe5 16. dxe5 Nd7 17. Rh3 Re8 18. Bf4 $14 {Hector,
J-Westerinen,H/Gausdal 1998/EXT 99}) 12. Qe2 Bb7 13. Nc4 c5 14. dxc5 Nxc5 15.
Bc2 Be4 16. Bxe4 Ncxe4 $11 {Hector,J-Westerinen,H/Gentofte 1999/CBM 73}) 11...
Bd5 $5 (11... Bb7 12. b4 $5 c5 13. dxc5 bxc5 14. Na5 Bd5 15. c4 $5 Bxf3 16.
Qxf3 cxb4 17. Nc6 Qe8 18. Bb2 a5 19. Bc2 $1 $44 {Nijboer,F-Bauer,C/Wijk aan
Zee 1999/CBM 69}) 12. Nce5 c5 13. c4 Bb7 14. Bf4 cxd4 15. Nxd4 Nxe5 16. Bxe5 h6
$6 {[%csl Rg8]} 17. Qe2 $6 {Permitting black to play Bd6. Much stronger was} (
17. Bc2 $1 Qd7 $140 $6 (17... Bd6 $2 18. Nxe6 $1 $18 {[%csl Rd6,Rd8]}) 18. Qd3
g6 (18... Rfd8 19. Bxf6 Bxf6 20. Qh7+ Kf8 21. Qh8+ Ke7 22. Nf5#) 19. Qh3 $16)
17... Bd6 18. Rad1 Bxe5 19. Qxe5 Qb8 $1 {Now the position is balanced} 20. Qxb8
(20. Qe3 $5 Rd8 $11) 20... Raxb8 21. Bc2 Rfc8 22. b3 a6 23. Rd2 Rc5 24. Red1
Kf8 25. Bd3 (25. f3 $5) 25... a5 26. a3 Ba6 27. Be2 {White is careful not to
weaken c4.} (27. b4 $6 {[%csl Rc4]} axb4 28. axb4 Rc7 29. b5 Bb7 30. f3 Nd7 $15
{[%cal Gd7c5,Gf8e7]}) 27... Ne4 28. Rc2 Rbc8 29. f3 Nf6 30. Rdc1 R5c7 31. b4
Nd7 32. Nb3 (32. Kf2 e5 33. Nb3 axb4 34. axb4 Ke7) 32... axb4 33. axb4 e5 34.
Kf2 Ke7 35. c5 $5 Bxe2 36. Kxe2 bxc5 37. Nxc5 Nxc5 38. Rxc5 Rxc5 39. bxc5 (39.
Rxc5 $2 Rxc5 40. bxc5 Ke6 41. Kd3 Kd5 $19) 39... Ke6 40. Ke3 Rc6 (40... Kd5 41.
Rd1+ $1 $11) 41. f4 Kd5 42. Rd1+ Ke6 43. Rc1 Kd5 44. Rd1+ 1/2-1/2

[Event "RUS-Cup02"]
[Site "Moscow"]
[Date "1998.01.22"]
[Round "2"]
[White "Fedorov, Alexei"]
[Black "Sretenskij, Nikolai V"]
[Result "1-0"]
[WhiteElo "2595"]
[BlackElo "2445"]
[Annotator "Finkel,A"]
[PlyCount "76"]
[EventDate "1998.01.21"]
[EventType "swiss"]
[EventRounds "9"]
[EventCountry "RUS"]
[SourceTitle "CBM 063"]
[Source "ChessBase"]
[SourceDate "1998.03.26"]
[SourceVersion "1"]
[SourceVersionDate "1998.03.26"]
[SourceQuality "1"]

1. e4 e6 2. d4 d5 3. Nc3 dxe4 4. Nxe4 Nd7 5. Bd3 Ngf6 6. Qe2 c5 7. Nxf6+ Nxf6
8. dxc5 Bxc5 9. Bg5 (9. Bd2 $5 O-O 10. O-O-O Qd5 11. Bc3 $6 Qg5+ $5 (11... Qxg2
$5 12. Bxf6 gxf6 (12... Qxh1 $2 13. Qg4 g6 14. Nf3 $18) 13. Bxh7+ (13. Nf3 $2
Qxf2 14. Rhg1+ Kh8 $19) 13... Kxh7 14. Qh5+ Kg7 15. Qxc5 Qxh1 16. Ne2 Qxh2 17.
Rg1+ Qxg1+ 18. Nxg1 $15) 12. Kb1 Nd5 13. Be5 Qxg2 14. Qh5 f5 $6 (14... g6 $1)
15. Nf3 Qg4 16. Rhg1 $3 $36 {Sadler,M-Miles,A/ch-GBR (Playoff), Hove ENG 1997 
(35)}) (9. Nf3 O-O (9... Qc7 10. O-O O-O 11. Bg5 b6 12. Rad1 $5 (12. Ne5 Bb7
13. Bxf6 (13. Rae1 Rfd8 14. Ng4 $6 Qc6 15. Ne3 Bd4) 13... gxf6 {[#]} 14. Bxh7+
{The simpliest way to draw here.} (14. Qh5 $6 f5 15. Rae1 f6 16. Nf3 Qf7 17.
Qxf7+ Kxf7 18. Bc4 Rfe8 19. Nh4 Be4 $15) 14... Kxh7 15. Qh5+ {1/2-1/2 Ivanchuk,
V-Karpov,A/Supertorneo Las Palmas 1996}) (12. Bxf6 gxf6 13. Qe4 f5 14. Qxa8 Bb7
15. Qxf8+ Kxf8 $17) 12... Bb7 13. Bxf6 gxf6 14. Be4 Rfd8 15. Bxb7 Qxb7 16. a3
Rac8 17. c3 $14 {Spraggett,K-Nogueiras,J/Canadian Open, Winnipeg CAN 1997 (41)}
) (9... h6 $6 10. Bd2 O-O 11. O-O-O Qb6 12. g4 $5 Nxg4 13. Rhg1 f5 14. h3 Nxf2
15. Bxh6 Nxd3+ 16. Qxd3 Bxg1 17. Rxg1 $36 {Ulibin,M-Orlov,G/Minsk 1990 (31)})
10. Bg5 h6 (10... Qa5+ 11. c3 Be7 12. Ne5 Qc7 13. O-O (13. O-O-O b6 14. Kb1 $5
Rd8 $140 $1 $13 15. Bxf6 Bxf6 16. Qe4 g6 17. Ng4 Bg5 $1 18. Qxa8 Bb7 19. Qxa7
Ra8 20. Qxa8+ Bxa8 $44) 13... Rd8 14. Rad1 h6 (14... Bd7 $4 15. Bxf6 Bxf6 16.
Bxh7+ $18) 15. Bf4 $6 (15. Bh4 $5) 15... Bd6 16. Bg3 Bd7 17. Bg6 $5 Be8 $8 (
17... fxg6 $2 18. Nxd7 $18) 18. Rxd6 Rxd6 (18... Qxd6 $2 19. Nxf7 Qd2 20. Qxe6
Bxf7 21. Qxf7+ Kh8 22. Qxb7 $18) 19. Nc4 Bb5 20. Bxf7+ $13 {Rublevsky,
S-Anastasian,A/Balatonbereny 1994 (34)}) 11. h4 $1 (11. Bxf6 $5 Qxf6 12. O-O-O
g6 13. h4 h5 14. Kb1 Kg7 15. Ng5 $5 e5 16. Ne4 Qb6 17. Nxc5 $14 {Hjartarson,
J-Kacheishvili,G/Linares op sp 1996/1-0 (67)}) 11... Qa5+ 12. Bd2 Qa4 13. Ne5
Qd4 14. c3 Qd5 15. O-O-O $1 Qxa2 16. g4 Qa1+ 17. Kc2 Qa4+ 18. Kb1 $16 {
Rublevsky,S-Zakharevich,I/St.Petersburg Petrov 1996 (24)}) 9... Qa5+ 10. Bd2
Qc7 11. Nf3 O-O 12. O-O-O (12. Ne5 $2 {[%cal Gf2f4,Ge1c1]} Bxf2+ $1 13. Kxf2
Qxe5 $17) 12... b6 13. Ne5 Bb7 14. f4 (14. Rhe1 $5 Rac8 15. Kb1 Rfe8 16. g4 Nd5
17. g5 $5 Bd4 $1 18. c4 Bxe5 19. cxd5 (19. Qxe5 Qxe5 20. Rxe5 Ne7 21. b3 Red8
$11) 19... Bd6 20. Qe4 g6 $132 {Korneev,O-Zlochevskij,A/Russian Cup 8th Leg,
Smolensk RUS 1997 (39)}) 14... Nd5 (14... Rfd8 15. Rhf1 Rac8 16. Kb1 Bd4 (16...
Nd5 17. a3 $1 Bd6 18. c4 Nf6 19. Bc3 Bf8 20. g4 Rxd3 $1 21. Rxd3 Be4 22. g5
Bxd3+ 23. Qxd3 Ne8 24. Rf3 $14 {Glek,I-Nogueiras,J/Linares (op) 1996 (43)}) 17.
Nf3 Ba6 $2 18. Nxd4 Rxd4 19. Bxa6 Qxc2+ 20. Ka1 Rcd8 21. Bc1 Qxd1 22. Rxd1 Rxd1
23. Kb1 $16 {Polgar,J-Ehlvest,J/Vienna 1996 (37)}) 15. Rhf1 $1 (15. c3 f6 $5 (
15... Rfd8 $5 $13) 16. Qe4 fxe5 17. Qxh7+ Kf7 18. Qg6+ (18. Bg6+ Kf6 19. fxe5+
Qxe5 $17) (18. Qh5+ Ke7 19. Qg5+ Ke8 20. Bg6+ Kd7 $17) 18... Kg8 19. Qh7+ Kf7
20. Qg6+ $11) 15... Nb4 $6 16. Bxb4 $5 {Giving up the bishop white wins time
to develop the initiative on the kingside.} Bxb4 17. g4 Rad8 18. g5 Bd6 19. h4
$36 Bxe5 {Sooner or later black must take this knight because otherwise
white's initiative may become lethal.} 20. fxe5 Rd5 21. Rde1 Rc8 (21... Rfd8
22. Kb1 Rc5 23. h5 Rdd5 24. g6 $5 $40) 22. Rf4 $5 {[%csl Rf7]} Qd7 23. Kb1 $5 (
{Even better was} 23. Ref1 $1 Rxd3 (23... f5 $2 24. gxf6 $1 Rxd3 25. fxg7 Rg3
26. Rf8+ Kxg7 27. Qf2 $3 $18) 24. Rxf7 Qd5 25. Qf2 $1 (25. Rxb7 $6 Rdc3 $1 26.
bxc3 Qxb7 $13) 25... Rf3 26. Qxf3 Qxf3 27. R1xf3 Bxf3 28. Rxf3 $16) 23... Rcc5
24. Ref1 Rxe5 25. Qf2 Rc7 26. Qg3 $1 $16 Qd6 (26... Rec5 27. h5 $1 (27. Rxf7
Qxf7 28. Rxf7 Kxf7 29. Bxh7 (29. g6+ $6 hxg6 30. Qxg6+ Kf8 31. Qxe6 Re7 $132)
29... g6 30. h5 gxh5 31. Qh4 Bf3 32. Qf4+ Kg7 33. Qxf3 $16) 27... Qd5 (27... g6
28. hxg6 hxg6 29. Bxg6 $1 fxg6 30. Rf8+ Kg7 31. Qh4 Qd1+ 32. Rxd1 Kxf8 33. Qh8+
Kf7 34. Qf6+ Kg8 35. Rd8+ Kh7 36. Rh8#) 28. g6 hxg6 (28... Qxh5 $2 29. gxf7+
Kf8 30. Qxg7+ Kxg7 31. f8=Q#) 29. hxg6 f6 30. Qh3 e5 31. Qh7+ Kf8 32. Qh8+ Qg8
33. Rxf6+ $1 gxf6 34. Rxf6+ Ke7 35. Qxg8 Kxf6 36. Qf8+ $18) 27. h5 Rd5 28. g6
$1 f5 $8 (28... hxg6 29. hxg6 f6 30. Qh3 $18) 29. h6 $1 $18 {Fedorov carries
out the attack in very nice style.His last move is very elegant and strong at
the same time.} Ba6 {This move loses by force,but what else black can do!?} (
29... gxh6 30. gxh7+ Kxh7 31. Rg1 Qf8 32. Rxf5 $1 $18) (29... hxg6 30. Qxg6 Qe7
(30... Rxd3 31. h7+ Kh8 32. Qe8+ $1 Kxh7 33. Rh4#) 31. hxg7 Rd6 32. Qh5 Rc8 33.
Qh8+ Kf7 34. Bxf5 $1 $18) 30. gxh7+ Kxh7 31. hxg7 Rxg7 32. Rh4+ Kg8 33. Qxd6
Rxd6 34. Bxa6 Rg2 35. Bd3 Kg7 36. a4 a5 37. Rfh1 Kg6 38. Rh8 Kg5 1-0

[Event "RUS-Cup02"]
[Site "Moscow"]
[Date "1998.??.??"]
[Round "6"]
[White "Galkin, Alexander"]
[Black "Nikolenko, Oleg"]
[Result "1/2-1/2"]
[WhiteElo "2565"]
[BlackElo "2495"]
[Annotator "Finkel,A"]
[PlyCount "71"]
[EventDate "1998.01.21"]
[EventType "swiss"]
[EventRounds "9"]
[EventCountry "RUS"]
[SourceTitle "CBM 063"]
[Source "ChessBase"]
[SourceDate "1998.03.26"]
[SourceVersion "1"]
[SourceVersionDate "1998.03.26"]
[SourceQuality "1"]

1. e4 e6 2. d4 d5 3. Nc3 Be7 4. Bd3 c5 5. exd5 (5. e5 $5 cxd4 6. Nce2 Nc6 7.
Nf3 Qc7 8. Bf4 Bb4+ 9. Kf1 Bc5 10. a3 a5 11. h4 $13 {Biolek,R-Vavra,P/CSR-ch
1992 (22)}) (5. Nf3 Nf6 6. e5 $6 (6. exd5 Nxd5 7. Nxd5 Qxd5 8. c4 Qh5 $11) 6...
Nfd7 7. O-O Nc6 8. Re1 a6 $15 {Kraus,O-Paehtz,T/Mondorf op 1991 (23)}) 5...
exd5 $6 (5... cxd4 $5 6. Bb5+ Bd7 7. dxe6 $1 dxc3 (7... Bxb5 $2 8. Qh5 $1 $18)
8. exd7+ Nxd7 9. bxc3 Ngf6 10. Ne2 $14) 6. dxc5 $14 Nf6 (6... Bxc5 $2 7. Bb5+
Bd7 8. Bxd7+ Nxd7 9. Nxd5 $16 {Hofmann,C-Larius,T/PF-op Eisenberg 1993 (16)})
7. Nge2 Bxc5 (7... Nbd7 $6 8. Bb5 $1 O-O 9. Nxd5 Nxd5 10. Qxd5 Qa5+ 11. Nc3
Nxc5 12. O-O Be6 13. Qh5 $16) 8. O-O Be6 9. Bg5 $1 {It turns out that black
can't defend the pawn on b5.} Nc6 (9... O-O 10. Nf4 h6 11. Bxf6 Qxf6 12. Ncxd5
Bxd5 13. Nxd5 Qe5 14. Qf3 $5 Bd6 15. g3 Qxb2 16. Rab1 $16) 10. Nf4 {[%csl Rd5]
[%cal Gg5d8]} O-O 11. Ncxd5 $1 $16 Bxd5 12. Nxd5 (12. Bxf6 $6 Qxf6 13. Qh5 g6
14. Qxd5 Bb6 $11) 12... Qxd5 13. Bxf6 Qd6 (13... gxf6 $4 14. Bxh7+ $18) 14. Qh5
g6 (14... h6 $6 15. Bc3 Rad8 16. Rad1 Nd4 17. Bxd4 Bxd4 18. c3 Qc5 19. Qf3 Be5
20. Qxb7 $18) 15. Qh4 Bd4 16. Bxd4 Nxd4 17. Qe4 $5 ({Another promising
possibility was} 17. Rad1 $5 Qb4 $8 18. Qe4 Rae8 19. c3 Rxe4 20. cxb4 Ne2+ 21.
Kh1 Re7 $16) 17... Rfe8 $1 18. Qxb7 Rab8 19. Qxa7 Ra8 20. Qb7 Rab8 $1 (20...
Reb8 $2 21. Qe4 $18) 21. Qa6 Qxa6 22. Bxa6 Rxb2 23. c3 $6 {This logical move
is practically throwing away the victory!The only way was} (23. Bd3 $1 Nxc2 $6
(23... Ra8 $1 24. Rfc1 $1 (24. a4 $2 Nxc2 25. Rac1 Na3 26. Rc3 Ra2 $11) (24.
Bc4 $6 Rxc2 25. Rfc1 Raxa2 $1 26. Bxa2 Ne2+ $1 27. Kf1 Nxc1 $11) 24... Raxa2 (
24... Ra3 25. Kf1 Kf8 26. c3 $18) 25. Rxa2 Rxa2 26. f4 $16) 24. Rfb1 $1 Rxb1+ (
24... Nxa1 $2 25. Rxb2 Re1+ 26. Bf1 $18 {[%cal Ga2a6]}) 25. Rxb1 Nd4 26. a4 $18
{in both cases with nearly wining position.}) 23... Ne2+ 24. Bxe2 (24. Kh1 $6
Nxc3 25. a3 Ra8 26. Bd3 Rd2 27. Bc4 Rc8 $14) 24... Rexe2 {Now black's
defensive resources prove to be sufficient to hold the position.} 25. a4 Ra2
26. Rxa2 Rxa2 27. c4 $6 (27. g3 $5 Rxa4 28. Re1 Ra2 $1 29. Kg2 Rc2 $1 30. Re3
h5 $14) 27... Rxa4 28. Rc1 Kf8 29. c5 {Admitting the fact that the game is
drawn.} (29. g3 Ke7 30. Kg2 Kd6 31. Kf3 Kc5 32. Ke4 Ra2 $1 $11) 29... Ke7 30.
g3 Ra7 31. Kg2 Kd7 32. c6+ Kc7 33. h4 Ra6 34. Re1 Kd6 $1 35. h5 Rxc6 36. Re8
1/2-1/2